01268nam a2200277 i 4500003000900000005001700009007000300026008004100029040003000070041000800100082001900108100004800127245015200175250002200327264004900349300005300398336002600451337003200477338002800509490002500537490003000562500007500592500022400667700005100891830004800942DO-SdBNP20250530153346.0ta230502e2009 dr ac||gr|||| 000 ebspa d aDO-SdBNPbspacBNPHUerda aspa 4axxxbD812P222 aPichardo Cruz, Daniel Nicanor,eautor4aut.10aJuan Pablo Duarte, fundador de la República. Prócer de América /cDaniel Nicanor Pichardo Cruz ; presentación, Abelardo Jiménez Lambertus aPrimera edición 1aSanto Domingo :bEditorial Alfa Beta,c2009. a24 páginas :bilustraciones, retratos ;c21 cm atextobtxt2rdaconten asin mediciónbn2rdamedia avolumenbnc2rdacarrier aCartilla Duartiana : aLectura de la Patria ;v6 aIncluye referencias bibliográficas y notas al pie de las páginas. aBusto de Juan Pablo Duarte, por Abelardo Rodríguez Urdaneta, en la Galería de Próceres del Palacio de la Unión Panamericana de Whashington 6 de julio de 1913. tomado del libro la faz de Duarte de Julio Portillo.1 aJiménez Lambertus, Abelardo,epresentación aCartilla Duartianan6pLectura de la Patria